Animaux (oiseaux et mammifères) par adjectif. - Statistiques

Statistiques générales
  • Ce quiz a été pris 77 fois
    67 depuis la dernière actualisation
  • Le résultat moyen est 18 sur 85
Statistiques - réponses
Hint Réponse % Correct
royal aigle
74%
grand-e corbeau
68%
musqué rat
66%
noir-e rat
66%
gris-e rat
66%
noir-e merle
58%
roux rousse renard
57%
domestique souris
55%
siffleur canard
53%
domestique moineau
49%
cendré-e héron
47%
noir-e mésange
47%
huppé-e mésange
47%
cendré-e oie
47%
noir-e corneille
43%
moine vautour
43%
blanc blanche ours
40%
grand-e aigrette
32%
noir-e cigogne
28%
blanc blanche cigogne
28%
cendré-e grue
28%
des champs alouette
26%
d'Europe bison
25%
moine macareux
25%
huppé-e cormoran
23%
grand-e cormoran
23%
royal milan
23%
roux rousse écureuil
23%
d'Europe épervier
23%
noir-e milan
23%
blanc blanche mouette
23%
gris-e perdrix
23%
noir-e pic
23%
cendré-e pic
23%
musqué bœuf
21%
élégant-e chardonneret
19%
des champs campagnol
19%
huppé-e grèbe
19%
gris-e mulot
19%
huppé-e roitelet
17%
huppé vanneau
17%
des roseaux bruant
15%
cendré-e busard
15%
gris-e coucou
15%
des roseaux busard
15%
d'Europe martin-pêcheur
15%
blanc blanche pélican
15%
grand-e dauphin
13%
gris-e loir
13%
d'Europe verdier
13%
d'Europe loriot
11%
moine phoque
11%
gris-e phoque
11%
blanc blanche spatule
11%
d'Europe vison
11%
gris-e bergeronnette
9%
d'Europe guêpier
9%
noir-e martinet
9%
noir-e rougequeue
9%
grand-e tétras
9%
grand-e hamster
8%
cendré-e courlis
6%
élégant-e avocette
6%
blanc blanche échasse
6%
huppé-e harle
6%
roux rousse nette
6%
gris-e pie-grièche
6%
d'Europe rollier
6%
roux rousse barge
4%
gris-e bihoreau
4%
siffleur pouillot
4%
blanc blanche élanion
4%
d'Europe engoulevent
4%
grand-e rhinolophe
4%
roux rousse agrobate
2%
noir-e globicéphale
2%
grand-e gravelot
2%
grand-e labbe
2%
noir-e macreuse
2%
gris-e oreillard
2%
roux rousse oreillard
2%
cendré-e puffin
2%
huppé-e cochevis
0%
noir-e guifette
0%
grand-e murin
0%
Aucun quiz correspondant
Distribution des résultats
% des personnes avec chaque résultat
Percentile par nombre de réponses
Votre historique - résultats
Vous n’avez pas pris ce quiz depuis la dernière actualisation